| 000 | 00414cam a22001097a 4500 | ||
|---|---|---|---|
| 008 | 180718b1967 xxu||||| |||| 00| 0 eng d | ||
| 082 | _aR22x54 In2wj | ||
| 245 |
_aRecommendations of the wage board for working journalists _cby Ministry of Labour , Employment and Rehabilitation |
||
| 260 |
_aNew Delhi _bGovernment of India _c1967 |
||
| 300 | _a97p | ||
| 700 | _aIndia. Ministry of Labour , Employment and Rehabilitation | ||
| 999 |
_c496025 _d496025 |
||